000 00310nam a2200133Ia 4500
005 20251222141929.0
008 251222s9999||||xx |||||||||||||| ||spa||
020 _a978-950-07-3220-8
082 _a269.82/P85
100 _aPremat, Silvina
245 0 _aCuras Villeros:
264 _bSudamericana
942 _cLIB
999 _c8955
_d8955